Missing Word: Charlton Heston Quiz Stats

 Plays Quiz Updated May 30, 2018

Challenge
Share
Tweet
Embed
Score 0/18 Timer 02:00
0 Plays Today
Charlton Heston Movie Missing Word % Correct
Planet of the _____Apes
99%
The Ten _____Commandments
92.8%
The Greatest _____ on EarthShow
92.6%
Any _____ SundayGiven
92%
Soylent _____Green
86.1%
_____ CidEl
82.5%
_____ of the WildCall
81.3%
_____ & DogsCats
79.7%
Town & _____Country
77.8%
Charlton Heston Movie Missing Word % Correct
_____ CaesarJulius
73.8%
The _____ and the EcstasyAgony
72.2%
_____ LiesTrue
68.5%
_____ SinOriginal
64.5%
The Omega _____Man
60.3%
The Three _____Musketeers
45.1%
Two-Minute _____Warning
40.9%
Gray Lady _____Down
35.9%
_____ DundeeMajor
22.8%

Today's Daily Dose

You're not logged in!

Compare scores with friends on all Sporcle quizzes.
Join for Free
OR
Log In

You Might Also Like...

Show Comments

Extras

Top Quizzes Today


Score Distribution

Your Account Isn't Verified!

In order to create a playlist on Sporcle, you need to verify the email address you used during registration. Go to your Sporcle Settings to finish the process.

Report this User

Report this user for behavior that violates our Community Guidelines.

Details: